=LDR 00000nam 2200000 4500 =001 INLIS000000000028189 =005 20130612130518 =008 ***********************************Ind** =035 ##$$0010-061300000028189 =041 ##$$a Ind =082 ##$$a 540.7 =090 ##$$a 540.7, Kam-m =100 ##$$a KAMILATI, Nurul =245 ##$$a Mengenal Kimia I SMP Kelas VII, Nurul Kamilati =250 ##$$a Seri IPA =260 ##$$a 2006 $b Jakarta =300 ##$$a viii, 184 hlm., ilus, 28 cm =650 ##$$a Kimia-Pelajaran SMP =850 ##$$a NBPNMAT